000 01053nam0a22003011 4500
001 RU\INFOCOMM_322\NLR\5000112121
005 20250613104302.0
035 _a(NLR Aleph) 009490993
090 _a8648621
_c8648620
100 _a20121215d1970 |||y0rusy50 ca
101 0 _aeng
102 _aRU
105 _ay z |||||
200 1 _aAtmospheric neutrinos and the properties of the neutrino interactions at high energies
_fZ. Kunszt, G. Vesztergombi
210 _aДубна
_d1970
215 _a10 с.
_cграф.
_d21 см
225 1 _aСообщения Объединенного института ядерных исследований
_fЛаборатория теорет. физики
_vE2-5092
320 _aБиблиогр.: с. 7-8
686 _aФз-1810
_2rubbk
686 _aˆ[‰В387.22]
_2rubbk
700 1 _aKunszt
_bZ.
701 1 _9z01790
_aVestergombi
_bG.
790 1 _9z01701
_aVesztergombi
_bG.
_4070
801 1 _aRU
_bInfocomm
_c20121215
801 0 _aRU
_bINFOCOMM
_gPSBO
852 _aNLR
_jP11/3130
942 _cBOOK
980 _aNB